000 00733nam a2200205 i 4500
001 56586
003 ES-MaACL
007 t|
008 031010s1973 ag ||||1| spa d
100 1 _aDiderot, Denis,
_d1713-1784
_944511
245 1 0 _aInvestigaciones filosóficas sobre el origen y naturaleza de lo bello /
_cDiderot ; traducción del francés, prólogo y notas de Francisco Calvo Serraller.
250 _a[1ª ed.].
260 _a[Buenos Aires] :
_bAguilar,
_c[1973]
300 _a78 p. ;
_c19 cm.
490 1 _aIniciación filosófica
700 _aCalvo Serraller, Francisco,
_d1948-2018
_9235031
830 0 _aIniciación filosófica
_9182597
852 _aES-MaACL
_jE-8653
_bR.93053
999 _c56586
_d56586